Physics : (Record no. 1386)
[ view plain ]
| 000 -LEADER | |
|---|---|
| fixed length control field | 00781nac a22002291u 4500 |
| 020 ## - INTERNATIONAL STANDARD BOOK NUMBER | |
| International Standard Book Number | 0131911821 (pbk.) |
| 082 ## - DEWEY DECIMAL CLASSIFICATION NUMBER | |
| Classification number | 530 |
| Item number | F5327 |
| 090 ## - LOCALLY ASSIGNED LC-TYPE CALL NUMBER (OCLC); LOCAL CALL NUMBER (OCLC) | |
| -- | 1386 |
| -- | 1386 |
| 100 ## - MAIN ENTRY--PERSONAL NAME | |
| Personal name | Fishbane, Paul M. |
| 245 ## - TITLE STATEMENT | |
| Title | Physics : |
| Remainder of title | for scientists and engineers : with modern physics / |
| Statement of responsibility, etc | Paul M. Fishbane, Stephen G. Gasiorowicz, Stephen T. Thornton. |
| 250 ## - EDITION STATEMENT | |
| Edition statement | 3rd ed., International ed. |
| 260 ## - | |
| -- | Upper Saddle River, N.J. : |
| -- | Pearson Prentice Hall, |
| -- | c2005. |
| 336 ## - CONTENT TYPE | |
| Source | rdacontent |
| Content type term | text |
| Content type code | txt |
| 337 ## - MEDIA TYPE | |
| Media type term | unmediated |
| Source | rdamedia |
| Media type code | n |
| 338 ## - CARRIER TYPE | |
| Carrier type term | volume |
| Carrier type code | nc |
| Source | rdacarrier |
| 500 ## - GENERAL NOTE | |
| General note | Previous ed.: 1996. |
| 500 ## - GENERAL NOTE | |
| General note | Includes index. |
| 650 ## - SUBJECT ADDED ENTRY--TOPICAL TERM | |
| Topical term or geographic name as entry element | Physics. |
| 700 ## - ADDED ENTRY--PERSONAL NAME | |
| Personal name | Gasiorowicz, Stephen. |
| 700 ## - ADDED ENTRY--PERSONAL NAME | |
| Personal name | Thornton, Stephen T. |
| 942 ## - ADDED ENTRY ELEMENTS (KOHA) | |
| Koha item type | Book - Borrowing |
| Call number prefix | 530F5327 |
| Classification part | RDA-MOD |
| Withdrawn status | Lost status | Source of classification or shelving scheme | Damaged status | Not for loan | Collection code | Home library | Current library | Shelving location | Date acquired | Source of acquisition | Cost, normal purchase price | Total Checkouts | Total Renewals | Full call number | Barcode | Date last seen | Date checked out | Cost, replacement price | Price effective from | Koha item type |
|---|---|---|---|---|---|---|---|---|---|---|---|---|---|---|---|---|---|---|---|---|
| Dewey Decimal Classification | Central Library | Central Library | First floor | 06/09/2006 | 320.00 | 4 | 16 | 530 FIS | 000003067 | 15/07/2025 | 19/10/2019 | 400.00 | 06/09/2006 | Book - Borrowing |